| 000 | 00529nam a2200205Ia 4500 | ||
|---|---|---|---|
| 008 | 220216s9999 xx 000 0 und d | ||
| 100 | _aMaohuan Liang | ||
| 245 | 0 | _aYield stability analysis of Hevea brasiliensis | |
| 260 |
_bChinese Journal of Tropical Crops _c1993 |
||
| 300 | _a29 | ||
| 650 | _aClones | ||
| 650 | _aHevea brasiliensis | ||
| 650 | _aYield stability analysis | ||
| 700 | _aDeshuan Li | ||
| 700 | _aHuasun Huang | ||
| 700 | _aJialin Fang | ||
| 700 | _aJiwei He | ||
| 700 | _aYunton Wu | ||
| 942 | _cJS | ||
| 999 |
_c72573 _d72573 |
||